000 00834nam a2200253 i 4500
001 bg
100 1 _aLUTKOWSKI, Karol
245 1 0 _aMiędzynarodowy system walutowy /
_cKarol Lutkowski.
260 _aWarszawa :
_b"Poltext",
_c1996.
300 _a199, [1] s. :
_bwykr. ;
_c21 cm.
490 1 _aStudia Finansowo-Bankowe / Szkoła Główna Handlowa
504 _aBibliogr. s. 199-[200].
650 9 _aKursy walutowe
_xpolityka
_xzagadnienia
_yod 1945 r.
650 9 _aPieniądz
_xpolityka
_xzagadnienia
_yod 1945 r.
650 9 _aRozliczenia międzynarodowe
_yod 1945 r.
830 0 _aStudia Finansowo-Bankowe (Szkoła Główna Handlowa)
020 _a8385366962
040 _cBPK
041 0 _apl
080 _a339.74+339.72]"1945/..."
920 _a83-85366-96-2
942 _cKS
008 s pl f |000 0 pol
999 _c25316
_d25316
856 _uhttp://koha.tu.koszalin.pl/cgi-bin/koha/opac-detail.pl?biblionumber=25316
_yKatalog online BPK